Cases in Constitutional law

محفوظ في:
التفاصيل البيبلوغرافية
المؤلف الرئيسي: Keir, D.L
مؤلفون آخرون: Lawson, F.H
التنسيق: كتاب
منشور في: Delhi ; Universal Law Publishing Co. PVT. LTD. c1979.
الطبعة:6th ed.
الموضوعات:
الوسوم: إضافة وسم
لا توجد وسوم, كن أول من يضع وسما على هذه التسجيلة!

MARC

LEADER 00000nam a22000007a 4500
005 20260420075902.0
020 |a 81753406301  |c TZS 19,315.80 
040 |a MCCL  |b eng.  |e AACR 2nd rev ed. 
082 |a 342 KEI 
100 |a Keir, D.L. 
245 |a Cases in Constitutional law  |c D.L. Keir & F.H. Lawson 
250 |a 6th ed. 
260 |a Delhi ;  |b Universal Law Publishing Co. PVT. LTD.  |c c1979. 
300 |a xli, 550 p. :  |b ill. ;  |c 21 cm. 
504 |a Includes Index 
546 |a eng. 
650 |a Cases in constitutional law 
700 |a Lawson, F.H. 
942 |c BK 
999 |c 12712  |d 12712